| 000 | 00862ntaaa2200217 4500 | ||
|---|---|---|---|
| 003 | 01 | ||
| 005 | 20251027203057.0 | ||
| 008 | 0714s1973 ag 01 | ||
| 020 | _a847112341x | ||
| 040 |
_aAR-BaBN _bspa _cAR-BaBN _eaacr _dRIC |
||
| 082 | _a370.7800 El4c | ||
| 100 | _aElliot, John | ||
| 245 | _aLa investigación-acción en educación | ||
| 250 | _a3 ed.reip | ||
| 260 |
_aMadrid : _bMorata, _c1990, 1997 |
||
| 300 |
_a334 p ; _cfiguras, graficos conceptuales ; 24 cm |
||
| 500 | _aRecopilacion de articulos del autor sobre el tema. Contiene: Notas y referencias bibliograficas, bibliografia, tablas de los sistemas educativos español y britanicos. Seleccion de los articulos por: Ma Antonia Casanova, Jose Gimeno Sacristan, Angel I. Perez Gomez, Jurjo Torres Sntome | ||
| 650 | _aEducacion-Investigacion | ||
| 700 | _aPerez Gomez, Angel I | ||
| 942 | _cBK | ||
| 999 |
_c26180 _d26180 |
||